000 00709nam a2200217 a 4500
001 000034946
005 20200930074013.0
008 111021s1982 cu a 000 p spa d
040 _aDO-SdBNP
_bspa
_cBNPHU
082 _aCu861.44
_bB821v
100 1 _aBranly, Roberto,
_d1930-1980
_960525
245 1 0 _aVitral de sueños /
_cRoberto Branly ; ilustraciones Migdalia Hernández.
260 _aLa Habana :
_bEdiciones Unión,
_c1982.
300 _a67 p. :
_bil. ;
_c21 cm.
490 1 _aContemporáneos
650 4 _aPoesía cubana
_95226
650 4 _aLiteratura cubana
_91483
700 1 2 _aHernández, Migdalia,
_eil.
_960526
830 0 _aContemporáneos
_96941
910 _aValidado. Control de calidad BNPHU
999 _c34437
_d34437